[Event "Dearborn (MEX/1)"]
[Site "Dearborn"]
[Date "1986.??.??"]
[Round "?"]
[White "Thompson, Dexter"]
[Black "Mason, D.."]
[Result "0-1"]
[WhiteElo "2180"]
[BlackElo "2045"]
[PlyCount "104"]
[EventDate "1986.??.??"]

1. e4 c6 2. d4 d5 3. Nd2 dxe4 4. Nxe4 Nd7 5. Nf3 Ngf6 6. Nxf6+ Nxf6 7. Ne5 Be6
8. c3 g6 9. Bc4 Bxc4 10. Nxc4 Qd5 11. Ne3 Qd7 12. O-O Bg7 13. Nc4 O-O 14. Ne5
Qc7 15. Qb3 b5 16. Bf4 Nh5 17. Nxf7 Qxf4 18. Ng5+ Rf7 19. Nxf7 Qxf7 20. Rfe1
Qxb3 21. axb3 Kf7 22. Ra6 Rc8 23. Rxa7 Bf6 24. g3 Ng7 25. Rb7 Ne8 26. Ra1 Nd6
27. Rd7 Ke6 28. Raa7 c5 29. dxc5 Rxc5 30. f4 Rd5 31. g4 h6 32. h4 g5 33. fxg5
hxg5 34. h5 b4 35. Rac7 bxc3 36. bxc3 Rd3 37. Kg2 Re3 38. c4 Rxb3 39. c5 Ne4
40. c6 Rg3+ 41. Kf1 Rxg4 42. Ra7 Ng3+ 43. Ke1 Nxh5 44. Rd8 Re4+ 45. Kd2 Rd4+
46. Rxd4 Bxd4 47. Rd7 Be5 48. Kd3 g4 49. Kc4 g3 50. Rd8 g2 51. Rg8 Ng3 52. Rg6+
Kf7 0-1

[Event "Kalamazoo (WMUSO/1/3)"]
[Site "?"]
[Date "1986.??.??"]
[Round "?"]
[White "Thompson, Dexter"]
[Black "Kung, Fred"]
[Result "1-0"]
[WhiteElo "2195"]
[BlackElo "1770"]
[PlyCount "35"]
[EventDate "1986.??.??"]

{1/(3)} 1. d4 d5 2. c4 e6 3. Nc3 Nf6 4. cxd5 exd5 5. Bg5 Be7 6. e3 O-O 7. Bd3
b6 8. Qf3 Bb7 9. Nge2 Nbd7 10. Rc1 c5 11. O-O c4 12. Bxc4 dxc4 13. Qxb7 Qc8 14.
Qf3 Qa6 15. e4 Bb4 16. e5 Bxc3 17. Nxc3 Ne8 18. Be7 1-0

[Event "Kalamazoo (WMUSO/5/2)"]
[Site "?"]
[Date "1986.??.??"]
[Round "?"]
[White "Thompson, Dexter"]
[Black "Koster, Ed"]
[Result "0-1"]
[WhiteElo "2195"]
[BlackElo "2145"]
[PlyCount "74"]
[EventDate "1986.??.??"]

{5/(2)} 1. e4 e5 2. Nf3 Nc6 3. d4 exd4 4. c3 dxc3 5. Nxc3 Bb4 6. Bc4 d6 7. O-O
Bxc3 8. bxc3 Nf6 9. e5 Nxe5 10. Nxe5 dxe5 11. Qb3 Qe7 12. Ba3 c5 13. Bb5+ Bd7
14. Bxd7+ Nxd7 15. Qxb7 Rb8 16. Qc7 O-O 17. Rad1 Rfd8 18. Rd2 Rbc8 19. Qxa7 Ra8
20. Qb7 Rxa3 21. Rfd1 Rxc3 22. g3 g6 23. Rxd7 Rxd7 24. Rxd7 Rc1+ 25. Kg2 Qe6
26. Re7 Qf5 27. Qb8+ Kg7 28. Rxe5 Qd3 29. Re3 Qf1+ 30. Kf3 Qh1+ 31. Kf4 Rc4+
32. Ke5 Rd4 33. f3 Qa1 34. Qb3 Rd3+ 35. Kf4 Qf6+ 36. Kg4 Qf5+ 37. Kh4 Qh5# 0-1

[Event "Dearborn (MEX/3)"]
[Site "Dearborn"]
[Date "1986.??.??"]
[Round "?"]
[White "Thompson, Dexter"]
[Black "Groisser, D.."]
[Result "0-1"]
[WhiteElo "2180"]
[BlackElo "2015"]
[PlyCount "140"]
[EventDate "1986.??.??"]

1. e4 e6 2. d4 d5 3. e5 c5 4. c3 Nc6 5. Nf3 Bd7 6. a3 c4 7. Nbd2 Na5 8. Be2 Qc7
9. Rb1 O-O-O 10. O-O f6 11. b4 Nc6 12. a4 Nh6 13. Qc2 Nf7 14. Qa2 fxe5 15. dxe5
Nfxe5 16. a5 Bd6 17. Ba3 Be8 18. b5 Nxf3+ 19. Nxf3 Nxa5 20. Nd4 Bxh2+ 21. Kh1
Bd7 22. Bb4 b6 23. Bxa5 bxa5 24. Ra1 Bd6 25. Qxa5 Qxa5 26. Rxa5 Bc5 27. Bg4 Bb6
28. Ra2 Rhe8 29. Re2 Bxd4 30. cxd4 Kb7 31. Rfe1 Bxb5 32. Bxe6 Kb6 33. Re5 a5
34. Rb1 Re7 35. Rxd5 Rxd5 36. Bxd5 Rc7 37. Be4 h6 38. d5 Kc5 39. Bf5 Bd7 40.
Be4 Kd4 41. f3 a4 42. Rd1+ Kc5 43. Kg1 a3 44. Ra1 Ra7 45. Kf2 a2 46. Ke2 Kb4
47. Kd2 Kb3 48. Kc1 h5 49. Bc2+ Kc3 50. Be4 h4 51. d6 g5 52. Bc2 Be6 53. Be4
Bd7 54. Bc2 Ra5 55. Be4 Kd4 56. Kc2 c3 57. Rd1+ Ke5 58. Ra1 Ra3 59. Bd3 Ba4+
60. Kc1 Kxd6 61. Bc4 Kc5 62. Rxa2 Rxa2 63. Bxa2 Kd4 64. Be6 Ke3 65. Bd5 Bb5 66.
Kc2 Bf1 67. f4 gxf4 68. Kxc3 Kf2 69. Kd4 Bxg2 70. Be6 h3 0-1

[Event "Monroe (MI Op/4/1)"]
[Site "?"]
[Date "1986.??.??"]
[Round "?"]
[White "Thompson, Dexter"]
[Black "Groeller, W.."]
[Result "1-0"]
[WhiteElo "2095"]
[BlackElo "2195"]
[PlyCount "47"]
[EventDate "1986.??.??"]

{4/(1)} 1. e4 c5 2. c3 d5 3. exd5 Qxd5 4. d4 Nf6 5. Nf3 Bg4 6. Be2 e6 7. h3 Bh5
8. Be3 cxd4 9. cxd4 Bb4+ 10. Nc3 Nc6 11. O-O Qd7 12. g4 Bg6 13. Ne5 Nxe5 14.
dxe5 Bxc3 15. exf6 Bxf6 16. Qxd7+ Kxd7 17. Bb5+ Kc7 18. Rac1+ Kb8 19. Rfd1 Rc8
20. Bd7 Rc7 21. Bc5 Be5 22. Bxe6 fxe6 23. Rd8+ Rc8 24. Bd6+ 1-0

[Event "Monroe (MI Op/6/1)"]
[Site "?"]
[Date "1986.??.??"]
[Round "?"]
[White "Thompson, Dexter"]
[Black "Baudry, Pascal"]
[Result "1/2-1/2"]
[WhiteElo "2095"]
[BlackElo "2105"]
[PlyCount "83"]
[EventDate "1986.??.??"]

{6/(1)} 1. e4 e5 2. Nf3 Nc6 3. d4 exd4 4. c3 d5 5. exd5 Qxd5 6. cxd4 Bg4 7. Nc3
Bb4 8. Be2 Bxf3 9. Bxf3 Qc4 10. Qb3 Qxb3 11. Bxc6+ bxc6 12. axb3 Ne7 13. O-O
O-O 14. Ra4 a5 15. Be3 Rab8 16. Rb1 Rfe8 17. Na2 Nd5 18. Nxb4 Rxb4 19. Rxb4
axb4 20. Bd2 f5 21. Re1 Rxe1+ 22. Bxe1 Kf7 23. Kf1 Ke6 24. Bd2 Kd6 25. Ke2 c5
26. dxc5+ Kxc5 27. Kd3 Nf6 28. f3 Nd5 29. Bc1 Nf6 30. Bd2 Nd5 31. g3 Kd6 32.
Kc4 c5 33. Kb5 Nc7+ 34. Kc4 Ne6 35. Be3 Kc6 36. h3 g5 37. h4 h6 38. Bf2 Kd6 39.
h5 Kc6 40. Be3 Kd6 41. Bf2 Kc6 42. Be3 1/2-1/2

[Event "Monroe (MI Op/3/2)"]
[Site "?"]
[Date "1986.??.??"]
[Round "?"]
[White "Thompson, Dexter"]
[Black "Andrews, Steve"]
[Result "1-0"]
[WhiteElo "2095"]
[BlackElo "2220"]
[PlyCount "107"]
[EventDate "1986.??.??"]

{3/(2)} 1. e4 d6 2. d4 Nd7 3. Nf3 e5 4. dxe5 dxe5 5. Bc4 c6 6. O-O Be7 7. Ng5
Bxg5 8. Qh5 g6 9. Qxg5 Qxg5 10. Bxg5 Nc5 11. Nd2 Be6 12. Rad1 b5 13. Be3 Bxc4
14. Nxc4 Nd7 15. Nd6+ Ke7 16. Nxf7 Ngf6 17. Nxh8 Rxh8 18. Bg5 Ke6 19. Bxf6 Nxf6
20. f3 Rc8 21. Rd2 Rc7 22. Rfd1 Nd7 23. Kf2 Nc5 24. h4 a5 25. h5 b4 26. b3 Nb7
27. hxg6 hxg6 28. g3 c5 29. f4 c4 30. Rd5 exf4 31. gxf4 cxb3 32. cxb3 Rh7 33.
Re5+ Kf6 34. Rb5 Rc7 35. Rdd5 Ke6 36. Rxb7 Rxb7 37. Rxa5 Rc7 38. Ke3 Rc6 39.
Rb5 Ra6 40. Rxb4 Rxa2 41. Rb6+ Kf7 42. Kd4 Rg2 43. Ke5 g5 44. Rb7+ Kg6 45. f5+
Kh6 46. f6 Rf2 47. Ke6 g4 48. Rg7 Rb2 49. Rxg4 Rxb3 50. e5 Rb6+ 51. Kf5 Kh7 52.
f7 Rc6 53. f8=R Rg6 54. Rf7+ 1-0

[Event "Monroe (RVO/1/18)"]
[Site "?"]
[Date "1986.??.??"]
[Round "?"]
[White "Thompson, Dexter"]
[Black "Almquist, W.."]
[Result "1-0"]
[WhiteElo "2095"]
[BlackElo "1775"]
[PlyCount "89"]
[EventDate "1986.??.??"]

{1/(18)} 1. h4 d5 2. c4 Nf6 3. Nf3 Bf5 4. e3 e6 5. Nc3 c5 6. cxd5 exd5 7. Bb5+
Nbd7 8. Ne5 Bd6 9. Qf3 Be4 10. Nxe4 dxe4 11. Bxd7+ Qxd7 12. Nxd7 exf3 13. Nxf6+
gxf6 14. gxf3 Rg8 15. b3 Be5 16. Rb1 f5 17. f4 Bf6 18. Ba3 Rc8 19. Rc1 b6 20.
d4 Rg4 21. Ke2 Rxh4 22. Rxh4 Bxh4 23. dxc5 bxc5 24. Rh1 Be7 25. Rh5 c4 26. Bxe7
Kxe7 27. bxc4 Rxc4 28. Rxf5 Rc2+ 29. Kf3 Rxa2 30. Rh5 a5 31. Rxh7 a4 32. Rh5
Rb2 33. Ra5 Rb4 34. Kg4 Rb2 35. f3 Rb3 36. e4 a3 37. Ra6 Rd3 38. e5 Re3 39. Ra4
Ke6 40. Ra5 f5+ 41. Kg5 Rxf3 42. Ra6+ Ke7 43. Kxf5 Re3 44. Ra7+ Ke8 45. Kf6 1-0

[Event "Warren (MCO/2/31)"]
[Site "?"]
[Date "1986.??.??"]
[Round "?"]
[White "Thomas, Jeff"]
[Black "Saunders, G.."]
[Result "0-1"]
[WhiteElo "1605"]
[BlackElo "1985"]
[PlyCount "48"]
[EventDate "1986.??.??"]

{2/(31)} 1. e4 c5 2. Bc4 Nc6 3. Qh5 e6 4. d3 Nf6 5. Qd1 b6 6. Nf3 Na5 7. Bb3
Nxb3 8. axb3 Bb7 9. Nc3 d5 10. exd5 Nxd5 11. Nxd5 Qxd5 12. O-O Be7 13. Qe2 Qh5
14. Nd4 Qg6 15. Nf3 Bd6 16. h3 O-O 17. Nh4 Qf6 18. Qg4 Qe5 19. g3 f5 20. Qc4 b5
21. f4 Qe2 22. Qxb5 c4 23. Qxc4 Rac8 24. Rf2 Qe1+ 0-1

[Event "Warren (MCO/4/33)"]
[Site "?"]
[Date "1986.??.??"]
[Round "?"]
[White "Thomas, Jeff"]
[Black "Roberts, Kenneth"]
[Result "0-1"]
[WhiteElo "1605"]
[BlackElo "1710"]
[PlyCount "92"]
[EventDate "1986.??.??"]

{4/(33)} 1. e4 e6 2. d4 d5 3. exd5 exd5 4. Bd3 Nf6 5. Qe2+ Be7 6. Nf3 O-O 7.
O-O Re8 8. Bg5 Bg4 9. Re1 Nbd7 10. Nbd2 h6 11. Be3 Bd6 12. Qd1 Ne4 13. h3 Bh5
14. Be2 Re6 15. Nxe4 Rxe4 16. Nd2 Bxe2 17. Qxe2 Re6 18. Qb5 Nb6 19. Qd3 Qd7 20.
Re2 Rg6 21. Kf1 Re8 22. Rae1 Rge6 23. Nf3 Qe7 24. Bc1 Rxe2 25. Rxe2 Qxe2+ 26.
Qxe2 Rxe2 27. Kxe2 f6 28. c3 Kf7 29. Nh4 c6 30. Nf5 Bf8 31. Bf4 Ke6 32. g4 Nc8
33. Nh4 g5 34. Ng6 Bg7 35. Bg3 Kf7 36. Nf4 gxf4 37. Bxf4 Ke6 38. Kf3 Ne7 39.
Kg3 f5 40. gxf5+ Kxf5 41. f3 Ng6 42. Bd6 h5 43. Kf2 h4 44. Bh2 Nf4 45. Bxf4
Kxf4 46. Kg2 Bh6 0-1

[Event "Warren (MCO/6/46)"]
[Site "?"]
[Date "1986.??.??"]
[Round "?"]
[White "Thomas, Jeff"]
[Black "Kelly, G.."]
[Result "1-0"]
[WhiteElo "1605"]
[BlackElo "1605"]
[PlyCount "89"]
[EventDate "1986.??.??"]

{6/(46)} 1. e4 e5 2. Nf3 Nc6 3. Bb5 Nf6 4. O-O a6 5. Bxc6 dxc6 6. Nxe5 Qd4 7.
Nf3 Qd8 8. h3 Bc5 9. d4 Be7 10. Bg5 Nxe4 11. Bxe7 Qxe7 12. Re1 O-O 13. Nbd2 Bf5
14. Nxe4 Bxe4 15. Nd2 f5 16. f3 Qb4 17. c3 Qxb2 18. fxe4 Qxc3 19. Qb3+ Qxb3 20.
Nxb3 fxe4 21. Rxe4 b6 22. Rae1 Rad8 23. Re7 Rf7 24. R7e6 Rf6 25. Rxf6 gxf6 26.
Re7 Rc8 27. Re6 Kg7 28. Rxc6 h5 29. a4 a5 30. Nd2 Rd8 31. Rxc7+ Kg6 32. Nf3 Rd6
33. Kf2 Re6 34. Nh4+ Kg5 35. g3 Kh6 36. d5 Re8 37. d6 Rd8 38. d7 Kg7 39. Nf5+
Kf8 40. Nd6 Ke7 41. Nc8+ Ke6 42. Nxb6 Kd6 43. Rc8 Rxd7 44. Nxd7 Kxd7 45. Rh8
1-0

[Event "Monroe (MI Op/2/11)"]
[Site "?"]
[Date "1986.??.??"]
[Round "?"]
[White "Thomas, Henry"]
[Black "Koster, Ed"]
[Result "0-1"]
[WhiteElo "1705"]
[BlackElo "2180"]
[PlyCount "48"]
[EventDate "1986.??.??"]

{2/(11)} 1. f4 d5 2. Nf3 Nf6 3. e3 Bg4 4. Be2 c6 5. O-O Nbd7 6. b3 e6 7. Bb2
Bd6 8. Ne5 Bxe2 9. Qxe2 O-O 10. d3 Qc7 11. Nxd7 Nxd7 12. Qg4 f6 13. Rf3 Rae8
14. Nd2 e5 15. Raf1 Rf7 16. Rh3 f5 17. Qh4 g6 18. Rff3 Nf6 19. fxe5 Bxe5 20.
Bxe5 Qxe5 21. d4 Qe7 22. Kf2 Qb4 23. Ke2 Qc3 24. Qg5 Qxd2+ 0-1

[Event "Monroe (MI Op/4/20)"]
[Site "?"]
[Date "1986.??.??"]
[Round "?"]
[White "Thomas, Henry"]
[Black "Johnson, Ri"]
[Result "0-1"]
[WhiteElo "1705"]
[BlackElo "1990"]
[PlyCount "56"]
[EventDate "1986.??.??"]

{4/(20)} 1. f4 e5 2. fxe5 d6 3. exd6 Bxd6 4. Nf3 g5 5. g3 g4 6. Nh4 Ne7 7. e4
Ng6 8. Nxg6 hxg6 9. Bg2 Rxh2 10. Rxh2 Bxg3+ 11. Kf1 Bxh2 12. Qe2 Nc6 13. c3
Qf6+ 14. Qf2 Qd6 15. d4 Bg3 16. e5 Bxf2 17. exd6 Bg3 18. dxc7 Bxc7 19. Bxc6+
bxc6 20. Bg5 Ba6+ 21. Kg2 Rb8 22. b3 Rb5 23. Bh4 Rh5 24. Bg3 Bxg3 25. Kxg3 Rh3+
26. Kg2 Rd3 27. Kf2 f5 28. Ke2 Rxd4+ 0-1

[Event "Monroe (MI Op/6/28)"]
[Site "?"]
[Date "1986.??.??"]
[Round "?"]
[White "Thomas, Henry"]
[Black "Dautremont, J.."]
[Result "1-0"]
[WhiteElo "1705"]
[BlackElo "1605"]
[PlyCount "72"]
[EventDate "1986.??.??"]

{6/(28)} 1. f4 e6 2. Nf3 c5 3. b3 d5 4. e3 Be7 5. Bb2 Bf6 6. Bxf6 Nxf6 7. Be2
Nc6 8. O-O Qc7 9. Qe1 Nb4 10. Qc1 a6 11. c3 Nc6 12. d4 Ne7 13. h3 b5 14. a4
bxa4 15. Rxa4 Ne4 16. Kh2 Qb6 17. Qa3 a5 18. b4 cxb4 19. cxb4 axb4 20. Qxb4
Qxb4 21. Rxb4 O-O 22. Re1 Ba6 23. Bxa6 Rxa6 24. Nbd2 Nxd2 25. Nxd2 Nc6 26. Rb2
Rfa8 27. Rc1 g6 28. Rbc2 Nb4 29. Rc7 Kg7 30. Nf3 Ra3 31. Ne5 Rf8 32. Rb1 Nd3
33. Nd7 Re8 34. Rbb7 Re7 35. Kg3 h5 36. Kf3 Ne1+ $138 1-0

[Event "Monroe (MI Op/1b/1)"]
[Site "?"]
[Date "1986.??.??"]
[Round "?"]
[White "Thomas, Carlton"]
[Black "Wygrecki, J.."]
[Result "1-0"]
[WhiteElo "2010"]
[BlackElo "2245"]
[PlyCount "59"]
[EventDate "1986.??.??"]

1. e4 e6 2. d4 d5 3. Nc3 Nf6 4. e5 Ng8 5. Qg4 f5 6. Qg3 Bd7 7. Be2 Ne7 8. Bg5
c5 9. Nf3 a6 10. O-O cxd4 11. Nxd4 Qb6 12. Rfd1 Nbc6 13. Nxc6 Nxc6 14. b3 Kf7
15. Bf3 Nd4 16. Be3 Nxf3+ 17. Qxf3 Qc7 18. Bd4 Rc8 19. g4 f4 20. Qxf4+ Ke8 21.
Qg5 g6 22. Nxd5 exd5 23. e6 Bxe6 24. Bxh8 Bd6 25. Re1 Kd7 26. Be5 Bxe5 27. Rxe5
Qxc2 28. Rae1 Rc6 29. Qf6 Qc3 30. Rxd5+ 1-0

[Event "Dearborn (MEX/4)"]
[Site "Dearborn"]
[Date "1986.??.??"]
[Round "?"]
[White "Thomas, Carlton"]
[Black "Groisser, D.."]
[Result "0-1"]
[WhiteElo "2055"]
[BlackElo "2015"]
[PlyCount "82"]
[EventDate "1986.??.??"]

1. e4 e6 2. d4 d5 3. Nc3 Bb4 4. e5 c5 5. a3 Bxc3+ 6. bxc3 Ne7 7. Nf3 Nbc6 8. a4
Qa5 9. Bd2 O-O 10. Qb1 Qc7 11. Qb5 c4 12. Rb1 f6 13. exf6 Rxf6 14. Bg5 Rf8 15.
Be2 Nf5 16. g3 Nd6 17. Qb2 Ne4 18. Bd2 Rf6 19. Rd1 Qf7 20. Ng5 Nxg5 21. Bxg5
Rxf2 22. Bf4 Rxf4 23. gxf4 Qxf4 24. Qc1 Qh4+ 25. Kf1 e5 26. Qe3 Bh3+ 27. Kg1
Rf8 28. Qg3 Qh6 29. Bf1 Qh5 30. Re1 Rf3 31. Bxh3 Rxg3+ 32. hxg3 Qg6 33. Kf2
Qxc2+ 34. Re2 Qxc3 35. Be6+ Kf8 36. dxe5 Nd4 37. Bg4 Nxe2 38. Bxe2 Qd4+ 39. Kg2
Qxe5 40. Bf3 Qb2+ 41. Kh3 c3 0-1

[Event "Dearborn (MEX/3)"]
[Site "Dearborn"]
[Date "1986.??.??"]
[Round "?"]
[White "Thomas, Carlton"]
[Black "Bailey, Greg"]
[Result "1-0"]
[WhiteElo "2055"]
[BlackElo "2115"]
[PlyCount "95"]
[EventDate "1986.??.??"]

1. e4 e6 2. d4 d5 3. Nc3 Bb4 4. e5 c5 5. a3 Bxc3+ 6. bxc3 Qc7 7. Nf3 Bd7 8. Rb1
Ba4 9. Bb5+ Bxb5 10. Rxb5 Nd7 11. O-O Ne7 12. a4 Nc6 13. Ba3 a6 14. Rb1 Na5 15.
Nd2 O-O 16. Nb3 Nc4 17. Bxc5 Nxc5 18. Nxc5 b6 19. Nd3 Qc6 20. Ra1 Rfc8 21. Nf4
Kf8 22. Qh5 h6 23. Ne2 Nb2 24. f4 Rc7 25. f5 exf5 26. Qxf5 Kg8 27. Rf3 Nxa4 28.
Raf1 Rac8 29. Qh5 Qd7 30. Rxf7 Qxf7 31. Rxf7 Rxf7 32. e6 Rf6 33. Qxd5 Re8 34.
g3 g5 35. g4 Rfxe6 36. Ng3 Nxc3 37. Qb3 Nb5 38. Nf5 Kf8 39. Qb4+ Kf7 40. c4
Re1+ 41. Kg2 R8e2+ 42. Kf3 Re4 43. cxb5 Rf4+ 44. Kg3 Rg1+ 45. Kh3 Rf3+ 46. Ng3
axb5 47. Qxb5 Rd1 48. Qd5+ 1-0

[Event "Monroe (RVO/4/3)"]
[Site "?"]
[Date "1986.??.??"]
[Round "?"]
[White "Thomas, C.."]
[Black "Van Meter, L.."]
[Result "1/2-1/2"]
[WhiteElo "2010"]
[BlackElo "2350"]
[PlyCount "71"]
[EventDate "1986.??.??"]

{4/(3)} 1. e4 c6 2. Nc3 d5 3. Nf3 dxe4 4. Nxe4 Nf6 5. Nxf6+ exf6 6. d4 Bd6 7.
Bc4 O-O 8. O-O Bg4 9. h3 Bh5 10. Be2 Nd7 11. c4 Re8 12. Re1 Rc8 13. Nh4 Bg6 14.
Nxg6 hxg6 15. Bf3 Nf8 16. Bd2 Rxe1+ 17. Qxe1 Bb8 18. Bc3 g5 19. d5 Qd6 20. g3
c5 21. Qe3 Ng6 22. Re1 b6 23. Bg4 Rd8 24. Bf5 Ne5 25. Bxe5 Qxe5 26. Bc2 Re8 27.
Qxe5 Rxe5 28. Rxe5 Bxe5 29. b3 g6 30. g4 Kf8 31. Kg2 Ke7 32. Kf3 Kd6 33. Ke4
Kc7 34. f3 Kb7 35. Bd3 Bf4 36. Be2 1/2-1/2

[Event "Monroe (MI Op/5/1)"]
[Site "?"]
[Date "1986.??.??"]
[Round "?"]
[White "Thomas, C.."]
[Black "Thompson, Dexter"]
[Result "0-1"]
[WhiteElo "2010"]
[BlackElo "2095"]
[PlyCount "86"]
[EventDate "1986.??.??"]

{5/(1)} 1. e4 e5 2. Nf3 Nc6 3. Bb5 a6 4. Ba4 Nf6 5. O-O b5 6. Bb3 Be7 7. Re1
O-O 8. a4 Bb7 9. d3 d6 10. Nc3 Na5 11. axb5 Nxb3 12. cxb3 axb5 13. Rxa8 Qxa8
14. Nxb5 Rb8 15. Nc3 c5 16. Nd2 Ba6 17. Re3 Nd7 18. Qg4 Nf8 19. Nd5 Bd8 20. Rg3
g6 21. Qh3 Bc8 22. Qh6 Qa1 23. Nf1 Be6 24. h4 Bxd5 25. exd5 Bxh4 26. Qxh4 Qxc1
27. Qf6 Rxb3 28. Rf3 Rb7 29. g3 Rd7 30. Kg2 Qxb2 31. Ne3 Qd4 32. Nc4 e4 33. Rf4
Qxf6 34. Rxf6 Kg7 35. Rxd6 exd3 36. Rxd7 Nxd7 37. Kf3 Kf6 38. d6 h5 39. Ke3 Ke6
40. Kxd3 Kd5 41. f4 f6 42. Kc3 Ke4 43. Kd2 Kf3 0-1

[Event "Monroe (MI Op/3/4)"]
[Site "?"]
[Date "1986.??.??"]
[Round "?"]
[White "Thomas, C.."]
[Black "Quigley, L.."]
[Result "1-0"]
[WhiteElo "2010"]
[BlackElo "2230"]
[PlyCount "78"]
[EventDate "1986.??.??"]

{3/(4)} 1. e4 Nc6 2. d4 d5 3. e5 Bf5 4. c3 e6 5. Bd3 Nge7 6. Nf3 f6 7. Bxf5
Nxf5 8. O-O fxe5 9. dxe5 Bc5 10. Nbd2 O-O 11. Nb3 Bb6 12. Qc2 h6 13. c4 dxc4
14. Qxc4 Qd5 15. Qxd5 exd5 16. Bd2 Rae8 17. Rae1 g5 18. g4 Nfd4 19. Nfxd4 Nxd4
20. Nxd4 Bxd4 21. h4 Rxe5 22. Rxe5 Bxe5 23. hxg5 hxg5 24. Bxg5 Bxb2 25. f4 Bd4+
26. Kg2 Re8 27. f5 Re2+ 28. Kf3 Rxa2 29. Bd8 c5 30. g5 c4 31. g6 c3 32. f6 Bxf6
33. Bxf6 Ra6 34. Ke3 c2 35. Kd2 Rc6 36. Kc1 d4 37. g7 d3 38. Bb2 Rg6 39. Rf8+
Kh7 1-0

[Event "Warren (MCO/3/4)"]
[Site "?"]
[Date "1986.??.??"]
[Round "?"]
[White "Thomas, C.."]
[Black "Poschel, Paul"]
[Result "0-1"]
[WhiteElo "2065"]
[BlackElo "2260"]
[PlyCount "80"]
[EventDate "1986.??.??"]

{3/(4)} 1. e4 c5 2. Nf3 e6 3. d4 cxd4 4. Nxd4 Nf6 5. Nc3 Nc6 6. Be2 Bb4 7. Bf3
a6 8. O-O Qc7 9. a3 Bxc3 10. bxc3 Ne5 11. a4 d6 12. Ba3 Nc4 13. Qc1 O-O 14. Rd1
Rd8 15. Qg5 h6 16. Qg3 Nxa3 17. Rxa3 Bd7 18. Ne2 e5 19. Qh4 Rac8 20. Ng3 Qc5
21. Rda1 Qa5 22. Nf5 Bxf5 23. exf5 Rxc3 24. Rxc3 Qxc3 25. Rf1 d5 26. Bd1 Rc8
27. Qg3 Ne4 28. Qd3 Nd2 29. Qxc3 Rxc3 30. Re1 f6 31. Re3 Rxe3 32. fxe3 Nc4 33.
Kf2 Nb2 34. Ke1 Nxd1 35. Kxd1 Kf7 36. Kd2 Ke7 37. Kd3 Kd6 38. g4 Kc5 39. c3 b5
40. axb5 Kxb5 0-1

[Event "Monroe (RVO/2/9)"]
[Site "?"]
[Date "1986.??.??"]
[Round "?"]
[White "Thomas, C.."]
[Black "Groeller, W.."]
[Result "1/2-1/2"]
[WhiteElo "2010"]
[BlackElo "2195"]
[PlyCount "96"]
[EventDate "1986.??.??"]

{2/(9)} 1. e4 e5 2. Nf3 Nc6 3. Bb5 a6 4. Ba4 Nf6 5. O-O Be7 6. Re1 b5 7. Bb3 d6
8. c3 O-O 9. h3 Na5 10. Bc2 c5 11. d4 Qc7 12. Bg5 Bb7 13. Nbd2 Nc6 14. d5 Nb8
15. Nf1 Nbd7 16. Qd2 Rfe8 17. g4 Bf8 18. Ng3 g6 19. Bh6 Bxh6 20. Qxh6 Kh8 21.
Ng5 Re7 22. Re3 Qd8 23. a4 Qf8 24. Qxf8+ Nxf8 25. axb5 axb5 26. Rxa8 Bxa8 27.
c4 b4 28. Ba4 Kg7 29. Nf3 N8d7 30. g5 Ne8 31. Re1 Nb6 32. Bxe8 Rxe8 33. b3 Bb7
34. Ra1 Ra8 35. Rxa8 Bxa8 36. Nd2 f6 37. h4 Bb7 38. Kg2 Bc8 39. Kf3 Bd7 40. Ke3
h5 41. f4 fxg5 42. hxg5 Bg4 43. fxe5 dxe5 44. Nf3 Nd7 45. Ne2 Bxf3 46. Kxf3 Kf7
47. Nc1 Ke7 48. Kg3 Kf7 1/2-1/2

[Event "Monroe (MI Op/6/4)"]
[Site "?"]
[Date "1986.??.??"]
[Round "?"]
[White "Thomas, C.."]
[Black "Groeller, W.."]
[Result "1/2-1/2"]
[WhiteElo "2010"]
[BlackElo "2195"]
[PlyCount "142"]
[EventDate "1986.??.??"]

{6/(4)} 1. e4 c5 2. Nf3 d6 3. d4 cxd4 4. Nxd4 Nf6 5. Nc3 a6 6. Be2 e5 7. Nf3
Be7 8. O-O O-O 9. Be3 Qc7 10. Nd5 Nxd5 11. exd5 Bf5 12. c4 Nd7 13. b4 a5 14. a3
Rfc8 15. Rc1 axb4 16. axb4 Ra2 17. Nd2 Qb8 18. Nb3 b6 19. Bd3 Bg6 20. Bxg6 hxg6
21. Qd3 Qb7 22. c5 bxc5 23. Na5 Qa8 24. Qb3 Rxa5 25. bxa5 Qxa5 26. Ra1 Qb6 27.
Rfb1 Qxb3 28. Rxb3 Nf6 29. Bg5 Nxd5 30. Bxe7 Nxe7 31. Rb7 Re8 32. Rd7 d5 33.
Raa7 Kf8 34. Rac7 c4 35. Kf1 g5 36. Ke2 f5 37. g3 f4 38. g4 e4 39. h3 g6 40.
Kd2 Kf7 41. Rxd5 Ke6 42. Rxg5 Rd8+ 43. Ke1 Kf6 44. Ra5 Nd5 45. Rxc4 e3 46. fxe3
fxe3 47. Re4 g5 48. Ra6+ Kf7 49. Re5 Nb4 50. Rf5+ Ke7 51. Ra7+ Ke6 52. Rc7 Rd7
53. Rc8 Rd2 54. Rc3 Nc2+ 55. Rxc2 Rxc2 56. Rxg5 Kf6 57. Rf5+ Kg6 58. Re5 Ra2
59. Rxe3 Kg5 60. Re5+ Kf4 61. Rf5+ Kg3 62. Rh5 Kf4 63. Rh8 Kg5 64. Rg8+ Kh4 65.
g5 Kxh3 66. g6 Kg4 67. Rf8 Ra7 68. Rf7 Ra8 69. Kf2 Kg5 70. g7 Rg8 71. Kf3 Kg6
1/2-1/2

[Event "Warren (MCO/5/15)"]
[Site "?"]
[Date "1986.??.??"]
[Round "?"]
[White "Thomas, C.."]
[Black "Golonka, Stan"]
[Result "1-0"]
[WhiteElo "2065"]
[BlackElo "1800"]
[PlyCount "95"]
[EventDate "1986.??.??"]

{5/(15)} 1. e4 c5 2. Nf3 Nc6 3. d4 cxd4 4. Nxd4 d6 5. c4 Nf6 6. Nc3 g6 7. Be2
Bg7 8. Nxc6 bxc6 9. e5 dxe5 10. Qxd8+ Kxd8 11. Bd2 Nd7 12. Na4 f5 13. O-O-O Ke8
14. Rhe1 Kf7 15. h4 Rd8 16. Ba5 Re8 17. h5 Rb8 18. a3 Nf6 19. Nc5 Be6 20. hxg6+
hxg6 21. Nxe6 Kxe6 22. c5 Nd5 23. Bc4 e4 24. b4 Bf6 25. b5 Ke5 26. Bxd5 cxd5
27. Bc7+ Ke6 28. Bxb8 Rxb8 29. a4 d4 30. Kc2 Kd5 31. c6 Be5 32. Kb3 a6 33. Kb4
Bd6+ 34. Ka5 axb5 35. axb5 Bc7+ 36. Ka4 Ra8+ 37. Kb3 Kc5 38. Rh1 Ra5 39. Rc1+
Kb6 40. Kc4 d3 41. Rb1 Ra4+ 42. Kd5 Ra2 43. Rhf1 Ra5 44. Kc4 Ra4+ 45. Rb4 Rxb4+
46. Kxb4 Bg3 47. fxg3 e3 48. Kc3 1-0

[Event "Warren (MCO/1/19)"]
[Site "?"]
[Date "1986.??.??"]
[Round "?"]
[White "Thomas, C.."]
[Black "Collins, Charles"]
[Result "1-0"]
[WhiteElo "2065"]
[BlackElo "1605"]
[PlyCount "65"]
[EventDate "1986.??.??"]

{1/(19)} 1. e4 c5 2. Nf3 d6 3. d4 cxd4 4. Nxd4 Nf6 5. Nc3 g6 6. Bg5 Bg7 7. Qd2
O-O 8. Be2 Bd7 9. h4 Nc6 10. Nxc6 Bxc6 11. Bf3 Rc8 12. O-O Qd7 13. Rad1 Rfe8
14. Qf4 e5 15. Qg3 h6 16. Bxf6 Bxf6 17. Bg4 Qe7 18. Bxc8 Rxc8 19. Qd3 Bxh4 20.
Qxd6 Qg5 21. Rd3 Qg4 22. Qxe5 Re8 23. Qd4 Rd8 24. Qe3 Rxd3 25. cxd3 f5 26. f3
Qh5 27. Ne2 Bd7 28. e5 Be6 29. Qxa7 g5 30. Qb8+ Kg7 31. Rc1 f4 32. Rc7+ Kg6 33.
Qe8+ 1-0

[Event "Warren (MCO/2/60)"]
[Site "?"]
[Date "1986.??.??"]
[Round "?"]
[White "Swartz, J.."]
[Black "Frantom, M.."]
[Result "1/2-1/2"]
[WhiteElo "1605"]
[BlackElo "1605"]
[PlyCount "106"]
[EventDate "1986.??.??"]

{2/(60)} 1. e4 e6 2. d4 d5 3. exd5 exd5 4. Nf3 Nc6 5. Bb5 Bd7 6. O-O Nf6 7.
Re1+ Be7 8. c3 O-O 9. Bd3 Bd6 10. h3 Re8 11. Ng5 Rxe1+ 12. Qxe1 Qe8 13. Be3 h6
14. Nf3 Ne4 15. Nbd2 Bf5 16. Bxe4 Bxe4 17. Nxe4 Qxe4 18. Nd2 Qc2 19. Rb1 f5 20.
g3 Re8 21. Nb3 f4 22. Qc1 Qxc1+ 23. Bxc1 fxg3 24. fxg3 Bxg3 25. Kg2 Bd6 26. Kf2
Rf8+ 27. Kg2 Bf4 28. Nc5 Bxc1 29. Rxc1 b6 30. Ne6 Re8 31. Nf4 Na5 32. Rc2 Nc4
33. Nxd5 c6 34. Nc7 Ne3+ 35. Kf3 Nxc2 36. Nxe8 Ne1+ 37. Ke4 Kf7 38. Nd6+ Ke6
39. Nc8 g5 40. Nxa7 c5 41. d5+ Kd7 42. Nc6 h5 43. Ne5+ Ke7 44. Nf3 Nxf3 45.
Kxf3 Kd6 46. c4 Ke5 47. Kg3 Kf5 48. a4 Ke5 49. Kf3 Kf5 50. Kg3 Ke5 51. h4 g4
52. Kf2 Kf5 53. Ke3 Ke5 1/2-1/2

[Event "Warren (MCO/4/55)"]
[Site "?"]
[Date "1986.??.??"]
[Round "?"]
[White "Swartz, J.."]
[Black "Endres, John"]
[Result "1/2-1/2"]
[WhiteElo "1605"]
[BlackElo "1605"]
[PlyCount "54"]
[EventDate "1986.??.??"]

{4/(55)} 1. e4 e6 2. d4 d5 3. Bd3 Bd7 4. Qe2 dxe4 5. Bxe4 Bc6 6. Nf3 Bxe4 7.
Qxe4 Nf6 8. Qxb7 Nbd7 9. Bg5 Bd6 10. Bxf6 Nxf6 11. O-O O-O 12. b3 c5 13. Nc3
Qa5 14. Qc6 Rfd8 15. dxc5 Qxc3 16. Rad1 Bxc5 17. Kh1 Rac8 18. Qb7 Qxc2 19.
Rxd8+ Rxd8 20. Qc7 Qd3 21. Kg1 Qd6 22. Qa5 Qd5 23. Qc7 Ne4 24. Ne5 Rf8 25. Nd7
Bb6 26. Nxb6 axb6 27. Qxb6 Nd2 1/2-1/2